Cómo incrementar la productividad del recurso humano: mediante técnicas que abarcan toda la relación laboral

I tiakina i:
Ngā taipitopito rārangi puna kōrero
Kaituhi matua: Nash, Michael (autor)
Hōputu: Pukapuka
Reo:Pāniora
I whakaputaina: Barcelona Norma 1988
Rangatū:Desarrollo gerencial
Ngā marau:
Ngā Tūtohu: Tāpirihia he Tūtohu
Kāore He Tūtohu, Me noho koe te mea tuatahi ki te tūtohu i tēnei pūkete!

MARC

LEADER 00000nam a2200000 a 4500
001 UCW5684
003 CL-VaPUC
008 910723e19880000SP |||||||||||||||||spa|d
082 0 4 |a 658.314  |b NAS  |2 21 
100 |a Nash, Michael  |e autor  |9 310658 
245 1 0 |a Cómo incrementar la productividad del recurso humano: mediante técnicas que abarcan toda la relación laboral 
300 |a 281 p 
942 |c BK 
945 |d 19910723 00:00:00 
260 |a Barcelona  |b Norma  |c 1988 
650 7 |a PRODUCTIVIDAD DEL TRABAJO  |2 CL-VaPUC  |9 271808 
650 0 |a Productividad industrial  |9 263788 
650 0 |a Eficiencia industrial  |9 263789 
583 |a last modification  |c 19910723 00:00:00  |k Rodrigo Vera 
490 0 |a Desarrollo gerencial 
999 |c 219028  |d 219026 
952 |0 0  |1 0  |4 0  |6 658_314000000000000_NAS_1988  |7 0  |8 A  |9 209465  |a BIBENE  |b BIBENE  |d 2019-11-15  |i 2773473  |o 658.314 NAS 1988  |p 2773473  |r 2025-01-15  |w 2019-11-15  |y BK  |k ICO 
952 |0 0  |1 0  |4 0  |6 658_314000000000000_NAS_1988  |7 0  |8 A  |9 209466  |a BIBEDU  |b BIBEDU  |d 2019-11-15  |i 2773481  |o 658.314 NAS 1988  |p 2773481  |r 2019-11-15  |w 2019-11-15  |y BK  |k EDU 
952 |0 0  |1 0  |4 0  |6 658_314000000000000_NAS_1988  |7 0  |8 A  |9 209467  |a BIBENE  |b BIBENE  |d 2019-11-15  |i 277349K  |o 658.314 NAS 1988  |p 277349K  |r 2025-01-15  |w 2019-11-15  |y BK  |k ICO